بغية الملتمس فى تاريخ رجال اهل الاندلس / (Record no. 59302)
[ view plain ]
| 000 -الفاتح | |
|---|---|
| حقل البيانات ثابتة الطول | 00877nam a2200229Ia 4500 |
| 005 - وقت وتاريخ اخر تعامل مع التسجيلة | |
| رقم الضبط | 20240530110206.0 |
| 008 - عناصر البيانات ثابتة الطول - معلومات عامة | |
| حقل البيانات ثابتة الطول | 140319s9999 xx 000 0 ara d |
| 040 ## - مصدر الفهرسة | |
| وكالة الفهرسة الأصلية | GCL / |
| وكالة النسخ | GCL |
| 082 04 - رقم تصنيف ديوى العشرى | |
| رقم الطبعة | 21 |
| رقم التصنيف | 920.71\ |
| رقم المادة | ع ب |
| 100 1# - المدخل الرئيسى - إسم شخصى | |
| الإسم الشخصى | ابن عميرة الضبى : ابو جعفر احمد بن يحيى بن احمد |
| 245 10 - بيان العنوان | |
| العنوان | بغية الملتمس فى تاريخ رجال اهل الاندلس / |
| بيان المسئوليه,etc | ابن عميرة الضبى : ابو جعفر احمد بن يحيى بن احمد |
| 260 ## - PUBLICATION, DISTRIBUTION, ETC. (IMPRINT) | |
| تاريخ النشر أو التوزيع | 1989 |
| 300 ## - الوصف المادى | |
| التعداد | متعدد الترقيم |
| 490 ## - بيان السلسلة | |
| عنوان السلسلة | شكاوى المصرى الفصيح |
| رقم المجلد/ التعيين التسلسلي | 0 |
| 650 04 - المدخل الاضافى بالموضوع-مصطلح موضوعى | |
| مصطلح موضوعي | الاندلس |
| 650 04 - المدخل الاضافى بالموضوع-مصطلح موضوعى | |
| مصطلح موضوعي | التراجم |
| 650 04 - المدخل الاضافى بالموضوع-مصطلح موضوعى | |
| مصطلح موضوعي | العرب فى اسبانيا |
| 650 04 - المدخل الاضافى بالموضوع-مصطلح موضوعى | |
| مصطلح موضوعي | المرابطون |
| 650 04 - المدخل الاضافى بالموضوع-مصطلح موضوعى | |
| مصطلح موضوعي | الحضارة الاسلامية |
| 942 ## - عناصر المدخل الإضافي( كوها) | |
| مصدر التصنيف او مخطط الترفيف | Dewey Decimal Classification |
| Koha [default] item type | المراجع |
| 260 ## - PUBLICATION, DISTRIBUTION, ETC. (IMPRINT) | |
| -- | [S.N] : |
| -- | دار الكتاب المصرى ، |
| حالة التراجع | حالة الفقد | حالة تلف | ليس للاعارة | المكان المؤقت | الموقع الحالى | تاريخ الاكتساب | اجمالي اﻻعارات | رقم الطلب | الباركود | تاريخ اخر مشاهدة | تاريخ تفعيل السعر | نوع وعاء كوها | مصدر التصنيف او خطة الترفيف |
|---|---|---|---|---|---|---|---|---|---|---|---|---|---|
| مكتبة القاهرة الكبرى | مكتبة القاهرة الكبرى | 03/26/2014 | م\953.071\ا ب | 154062 | 03/26/2014 | 03/26/2014 | المراجع | ||||||
| مكتبة القاهرة الكبرى | مكتبة القاهرة الكبرى | 03/13/2016 | 920.71\ ع ب | 161555 | 03/13/2016 | 03/13/2016 | المراجع | ddc | |||||
| مكتبة القاهرة الكبرى | مكتبة القاهرة الكبرى | 03/13/2016 | 920.71\ ع ب | 161556 | 03/13/2016 | 03/13/2016 | المراجع | ddc | |||||
| مكتبة القاهرة الكبرى | مكتبة القاهرة الكبرى | 03/13/2016 | 920.71\ ع ب | 161557 | 03/13/2016 | 03/13/2016 | المراجع | ddc |

